| 000 | 01590nam a2200301 a 4500 | ||
|---|---|---|---|
| 001 | 000000676 | ||
| 003 | DO-SdBNP | ||
| 005 | 20260305073956.0 | ||
| 008 | 090422s2000 dr 000 0 spa d | ||
| 040 |
_aDO-SdBNP _bspa _cBNPHU |
||
| 082 | 4 |
_a327.06 _bC969m _222 |
|
| 111 | 2 |
_aCumbre de Jefes de Estado y de Gobierno de los Países de África, Caribe y Pacífico _n(2a. : _d1999 : _cRepública Dominicana) _92270 |
|
| 245 | 1 | 0 | _aMemoria. |
| 260 |
_aSanto Domingo : _bSecretaría de Estado de Relaciones Exteriores, _c2000. |
||
| 300 |
_a226 p. ; _c23 cm. |
||
| 500 | _aIncluye información general sobre los países miembros del Grupo África, Caribe, Pacífico. | ||
| 505 | 2 |
_tMensaje de bienvenida. _tPresidente de la República Dominicana / _rDr. Leonel Fernández _tPresentación. _tSecretario de Estado de Relaciones Exteriores / _rDr. Eduardo Latorre _tPalabras del Dr. Eduardo Latorre. Secretario de Estado de Relaciones Exteriores -- _t¿Qué es la Secretaría General de los países de África, Caribe y Pacífico (Grupo ACP)? -- |
|
| 590 | _aInventariado, 2018/BT | ||
| 650 | 4 |
_aIntegración económica internacional _92271 _vEnsayos, conferencias, etc. |
|
| 650 | 4 |
_aJefes de estado _vEnsayos, conferencias, etc. _985349 |
|
| 650 | 4 |
_aGlobalización _92272 _vEnsayos, conferencias, etc. |
|
| 650 | 4 |
_aPresidentes _92273 |
|
| 651 |
_vEnsayos, conferencias, etc. _985350 |
||
| 700 | 1 |
_aFernández, Leonel, _d1953- _97291 |
|
| 710 | 1 |
_aRepública Dominicana. _bSecretaría de Estado de Relaciones Exteriores. _92256 |
|
| 910 | _aValidado. Control de calidad. MMOLINA | ||
| 942 |
_2ddc _cLBS1 |
||
| 999 |
_c672 _d672 |
||